|
|
|
|
| LEADER |
00000cam a2200000 a 4500 |
| 001 |
48115 |
| 003 |
Ucuenca |
| 005 |
20230308161848.0 |
| 008 |
002120|1986 ||||||||r|||||||||||spa|| |
| 020 |
|
|
|a 958060035X
|
| 040 |
|
|
|b spa
|
| 041 |
0 |
|
|a spa
|
| 082 |
0 |
|
|a C863.4
|
| 100 |
1 |
|
|a García Márquez, Gabriel.
|d 1927-2014
|9 240079
|
| 245 |
1 |
|
|a La Aventura de Miguel Littin clandestino en Chile
|c Gabriel García Márquez
|h imp
|
| 264 |
|
|
|a Bogotá
|b La Oveja Negra
|c 1986
|
| 300 |
|
|
|a 152 páginas:
|c 20 cm
|
| 500 |
|
|
|a Donación Biblioteca Enzo Mella Porras
|
| 650 |
|
0 |
|a Reportaje politico chileno
|9 29821
|
| 852 |
|
|
|a UC-CDJBV
|f Donación
|l 1
|m General
|p 20021209
|q 1,00
|r 8
|t 48115
|b 0
|d CDRC
|e CDRC
|g C863.4 TERCER PISO
|z 2002-21-20
|
| 942 |
|
|
|c BK
|
| 999 |
|
|
|c 15983
|d 15983
|